000 00751cam a22002534a 4500
001 4994098
005 20180215073753.0
008 990222s1999 wiu 001 0 eng
010 _a 99014422
020 _a0299164209 (cloth : alk. paper)
020 _a0299164241 (pbk. : alk. paper)
040 _aDLC
_cDLC
_dDLC
041 _aeng
042 _apcc
080 _a362.16 ILM
082 0 0 _a362.16 ILM
_221
100 1 _aSOC
101 _a50
245 1 0 _aConsumer guide to long-term care /
_cGary Ilminen.
906 _a7
_bcbc
_corignew
_d1
_eocip
_f19
_gy-gencatlg
942 _2ddc
_cBK
999 _c42671
_d42671